000 00698nam a2200229 a 4500
008
020 _a0340801301(pbk. )
049 _aMAIN
090 _aPN4712
245 1 0 _aAs media studies for OCR /
_cTanya Jones...et.al, edited by Richard Harvey.
260 _aLondon :
_bHodder & Stoughton,
_c2001.
300 _avii, 296 p. :
_bill.(some col.) ;
_c25 cm.
504 _aIncludes bibliographical references : p. 277-279.
500 _aIncludes index.
700 _aHarvey, Richard.
700 _aJones, Tanya.
907 _a.b10128797
_b04-01-05
_c24-06-04
003
005 20230123133746.0
040 _cNUST
942 _cBOOKS
_kPN4712
999 _c154134
_d154134